Приоритеты и ценности социально-экономической политики стран Евросоюза

Bibliographic Details
Corporate Author: Российская Академия Государственной службы при Президенте РФ (РАГС)
Other Authors: Шмелев Н. П. Николай Петрович (редактор), Перская В. В.
Summary:Рассматривается широкий круг проблем социально-экономического развития стран Евросоюза в современных условиях трансформирования геополитической и геоэкономической системы мира. Исследуются вопросы взаимодействия стран ЕС по формированию единообразной социально ориентированной политики как одного из базисных ценностных ориентиров развития ЕС, условия трансформирования национальных моделей социально-экономического развития под единые стандарты и требования Евросоюза, приоритеты регионального взаимодействия стран ЕС в рамках различного рода объединений, пулов и проч. Авторы концентрируют внимание на значимости понимания роли социальной политики (включая социальную функцию бизнеса) как условия обеспечения динамичного, поступательного развития всего Евросоюза; на необходимости учета общеевропейских подходов к пониманию места и роли личности в развитии общества, прав, свобод и духовных ценностей человека как участника общего европейского дома. В то же время, авторы хотят подчеркнуть значимость для единой Европы места и роли национального государства в регулировании социально-экономических процессов, трансформирования его роли в условиях преобладания в политической элите Евросоюза тенденций формирования наднационального федеративного государства в рамках ЕС. Издание предназначено для политиков и руководителей высшего эшелона власти, преподавателей высших учебных заведений России и студентов.
Language:Russian
Published: Москва, Изд-во РАГС, 2008
Subjects:
Format: MixedMaterials Book
KOHA link:https://koha.lib.tpu.ru/cgi-bin/koha/opac-detail.pl?biblionumber=154338

MARC

LEADER 00000nam0a2200000 4500
001 154338
005 20231101221746.0
010 |a 9785772903360  |b (в пер.)  |b 1000 экз. 
021 |a RU  |b 08-72006  |9 08-4123 
035 |a (RuTPU)RU\TPU\book\167410 
090 |a 154338 
100 |a 20081010d2008 km y0rusy5002 ca 
101 0 |a rus 
102 |a RU 
105 |a a z 000zy 
200 1 |a Приоритеты и ценности социально-экономической политики стран Евросоюза  |f Российская Академия Государственной службы при Президенте РФ (РАГС) ; под ред. Н. П. Шмелева, В. В. Перской 
210 |a Москва  |c Изд-во РАГС  |d 2008 
215 |a 387 с.  |c ил.  |d 21 см. 
330 |a Рассматривается широкий круг проблем социально-экономического развития стран Евросоюза в современных условиях трансформирования геополитической и геоэкономической системы мира. Исследуются вопросы взаимодействия стран ЕС по формированию единообразной социально ориентированной политики как одного из базисных ценностных ориентиров развития ЕС, условия трансформирования национальных моделей социально-экономического развития под единые стандарты и требования Евросоюза, приоритеты регионального взаимодействия стран ЕС в рамках различного рода объединений, пулов и проч. Авторы концентрируют внимание на значимости понимания роли социальной политики (включая социальную функцию бизнеса) как условия обеспечения динамичного, поступательного развития всего Евросоюза; на необходимости учета общеевропейских подходов к пониманию места и роли личности в развитии общества, прав, свобод и духовных ценностей человека как участника общего европейского дома. В то же время, авторы хотят подчеркнуть значимость для единой Европы места и роли национального государства в регулировании социально-экономических процессов, трансформирования его роли в условиях преобладания в политической элите Евросоюза тенденций формирования наднационального федеративного государства в рамках ЕС. Издание предназначено для политиков и руководителей высшего эшелона власти, преподавателей высших учебных заведений России и студентов. 
606 1 |a Европа  |x Экономика  |2 stltpush  |3 (RuTPU)RU\TPU\subj\36113  |9 57606 
610 1 |a социально-экономическое развитие 
610 1 |a приоритеты 
610 1 |a ценности 
610 1 |a Евросоюз 
610 1 |a страны 
610 1 |a социальная Европа 
610 1 |a 20 век 
610 1 |a 21 век 
610 1 |a рыночная экономика 
610 1 |a государственное регулирование 
610 1 |a Северная Европа 
610 1 |a социальное партнерство 
610 1 |a государственность 
610 1 |a шведская модель 
686 |a У9(4)  |v LBC/SL-A  |2 rubbk 
702 1 |a Шмелев  |b Н. П.  |g Николай Петрович  |4 340 
702 1 |a Перская  |b В. В.  |4 340 
712 0 2 |a Российская Академия Государственной службы при Президенте РФ (РАГС)  |c (Москва)  |2 stltpush  |3 (RuTPU)RU\TPU\col\921 
801 1 |a RU  |b 63413507  |c 20090225  |g PSBO 
801 2 |a RU  |b 63413507  |c 20131024  |g PSBO 
942 |c BK 
959 |a 30/20090218  |d 1  |e 479,60  |f ЧЗГЛ:1